| 000 | 00686nam a2200229 a 4500 | ||
|---|---|---|---|
| 999 |
_c9302 _d9302 |
||
| 001 | 9302 | ||
| 003 | BD-JhCC | ||
| 005 | 20180312190902.0 | ||
| 008 | 180312s1993 bg |||| ||a| 000 0 ben d | ||
| 020 | _a9840727259 | ||
| 035 | _a(BD-JhCC)9302 | ||
| 040 |
_aBD-JhCC _dBD-JhCC |
||
| 041 | _aben | ||
| 082 |
_a923 _bBOD 1993 |
||
| 100 | _aবদিউজ্জামান। | ||
| 245 |
_aইসমাইল হোসেন সিরাজী ১৮৭৯-১৯৩১ / _cবদিউজ্জামান । |
||
| 260 |
_aঢাকা: _bবাংলা একাডেমী; _c1993. |
||
| 300 |
_a152 p. : _c21 cm. |
||
| 651 | _aBiography. | ||
| 942 |
_2ddc _cBK |
||